[Event "Deutsche Ländermeisterschaft 2023"]
[Site "Hannover GER"]
[Date "2023.10.03"]
[Round "4"]
[White "Rudolph, Eva"]
[Black "Bezsonna, Polina"]
[Result "0-1"]
[Termination "normal"]
[Board "1.7"]
[WhiteElo "1793"]
[BlackElo "1783"]
[WhiteClock "00:10:00"]
[BlackClock "00:11:14"]
[WhiteTeam "Nordrhein-Westfalen"]
[BlackTeam "Hessen"]
[PlyCount "114"]
[WhiteFideId "16200594"]
[BlackFideId "14191156"]
[EventCountry "GER"]
[EventRounds "7"]
[EventType "team-swiss"]
[EventDate "2023.09.30"]

1. e4 {[%clk 01:30:58]} {[%emt 00:00:02]} c5 {[%clk 01:30:53]} {[%emt
00:00:07]} 2. Nf3 {[%clk 01:31:14]} {[%emt 00:00:14]} d6 {[%clk 01:31:15]}
{[%emt 00:00:08]} 3. d4 {[%clk 01:31:04]} {[%emt 00:00:41]} cxd4 {[%clk
01:31:40]} {[%emt 00:00:05]} 4. Nxd4 {[%clk 01:31:24]} {[%emt 00:00:09]} Nf6
{[%clk 01:32:03]} {[%emt 00:00:07]} 5. Nc3 {[%clk 01:30:48]} {[%emt 00:01:06]}
g6 {[%clk 01:32:24]} {[%emt 00:00:09]} 6. Bc4 {[%clk 01:28:22]} {[%emt
00:02:56]} Bg7 {[%clk 01:32:06]} {[%emt 00:00:48]} 7. Bb3 {[%clk 01:27:53]}
{[%emt 00:00:59]} Nc6 {[%clk 01:31:23]} {[%emt 00:01:14]} 8. Nf3 {[%clk
01:25:44]} {[%emt 00:02:39]} O-O {[%clk 01:26:15]} {[%emt 00:05:38]} 9. h3
{[%clk 01:23:27]} {[%emt 00:02:47]} b6 {[%clk 01:20:01]} {[%emt 00:06:43]} 10.
O-O {[%clk 01:23:04]} {[%emt 00:00:53]} Bb7 {[%clk 01:20:10]} {[%emt 00:00:21]}
11. Re1 {[%clk 01:22:40]} {[%emt 00:00:54]} Nd7 {[%clk 01:19:09]} {[%emt
00:01:30]} 12. Nd5 {[%clk 01:13:34]} {[%emt 00:09:36]} h6 {[%clk 01:11:29]}
{[%emt 00:08:10]} 13. c3 {[%clk 01:09:51]} {[%emt 00:04:12]} Nc5 {[%clk
01:06:39]} {[%emt 00:05:21]} 14. Bc2 {[%clk 01:04:16]} {[%emt 00:06:05]} e6
{[%clk 01:00:57]} {[%emt 00:06:12]} 15. Ne3 {[%clk 00:55:29]} {[%emt 00:09:17]}
Ne7 {[%clk 00:53:05]} {[%emt 00:08:22]} 16. Ng4 {[%clk 00:33:28]} {[%emt
00:22:31]} Kh7 {[%clk 00:27:55]} {[%emt 00:25:41]} 17. Bf4 {[%clk 00:31:17]}
{[%emt 00:02:40]} e5 {[%clk 00:22:22]} {[%emt 00:06:03]} 18. Bd2 {[%clk
00:27:44]} {[%emt 00:04:01]} f5 {[%clk 00:14:49]} {[%emt 00:08:05]} 19. exf5
{[%clk 00:24:46]} {[%emt 00:03:28]} Nxf5 {[%clk 00:13:34]} {[%emt 00:01:45]}
20. Qc1 {[%clk 00:18:55]} {[%emt 00:06:21]} Bxf3 {[%clk 00:12:04]} {[%emt
00:02:01]} 21. gxf3 {[%clk 00:17:14]} {[%emt 00:02:11]} h5 {[%clk 00:07:59]}
{[%emt 00:04:35]} 22. Bg5 {[%clk 00:15:47]} {[%emt 00:01:57]} Qd7 {[%clk
00:07:30]} {[%emt 00:00:59]} 23. Nh2 {[%clk 00:14:21]} {[%emt 00:01:55]} Ne6
{[%clk 00:03:11]} {[%emt 00:04:49]} 24. Kg2 {[%clk 00:07:15]} {[%emt 00:07:36]}
Nxg5 {[%emt 00:00:56]} 25. Qxg5 {[%clk 00:07:30]} {[%emt 00:00:13]} Bh6 {[%clk
00:02:00]} {[%emt 00:01:18]} 26. Bxf5 {[%clk 00:07:40]} {[%emt 00:00:20]} Rxf5
{[%clk 00:01:56]} {[%emt 00:00:34]} 27. Qh4 {[%clk 00:07:54]} {[%emt 00:00:13]}
Rf4 {[%clk 00:01:45]} {[%emt 00:00:43]} 28. Qg3 {[%clk 00:07:00]} {[%emt
00:01:24]} h4 {[%clk 00:01:48]} {[%emt 00:00:27]} 29. Qxf4 {[%clk 00:06:12]}
{[%emt 00:01:19]} Bxf4 {[%clk 00:02:06]} {[%emt 00:00:11]} 30. Ng4 {[%clk
00:06:31]} {[%emt 00:00:10]} Qf5 {[%clk 00:01:42]} {[%emt 00:00:55]} 31. Rad1
{[%clk 00:06:40]} {[%emt 00:00:21]} Rd8 {[%clk 00:01:53]} {[%emt 00:00:18]} 32.
Re2 {[%clk 00:04:22]} {[%emt 00:02:48]} Kg7 {[%clk 00:01:56]} {[%emt 00:00:27]}
33. Rd5 {[%clk 00:03:06]} {[%emt 00:01:45]} Qe6 {[%clk 00:01:30]} {[%emt
00:00:56]} 34. c4 {[%clk 00:03:09]} {[%emt 00:00:27]} Rc8 {[%clk 00:01:33]}
{[%emt 00:00:27]} 35. b3 {[%clk 00:03:26]} {[%emt 00:00:13]} Rc5 {[%clk
00:01:39]} {[%emt 00:00:25]} 36. Rd1 {[%clk 00:03:20]} {[%emt 00:00:35]} a6
{[%clk 00:01:03]} {[%emt 00:01:07]} 37. Rde1 {[%clk 00:02:22]} {[%emt
00:01:26]} g5 {[%clk 00:01:09]} {[%emt 00:00:26]} 38. Re4 {[%clk 00:02:06]}
{[%emt 00:00:46]} Qd7 {[%clk 00:01:04]} {[%emt 00:00:35]} 39. Rd1 {[%clk
00:01:58]} {[%emt 00:00:38]} Qc7 {[%clk 00:00:39]} {[%emt 00:00:55]} 40. Ree1
{[%clk 00:00:52]} {[%emt 00:01:37]} a5 {[%clk 00:00:43]} {[%emt 00:00:26]} 41.
Rd3 {[%clk 00:01:06]} {[%emt 00:00:15]} Rc6 {[%clk 00:25:15]} {[%emt 00:05:59]}
42. Red1 {[%clk 00:31:14]} {[%emt 00:00:23]} Qe7 {[%clk 00:25:15]} {[%emt
00:00:30]} 43. Re1 {[%clk 00:30:45]} {[%emt 00:00:58]} a4 {[%clk 00:25:13]}
{[%emt 00:00:33]} 44. Kg1 {[%clk 00:29:46]} {[%emt 00:01:27]} axb3 {[%clk
00:24:11]} {[%emt 00:01:33]} 45. axb3 {[%clk 00:30:03]} {[%emt 00:00:13]} Qa7
{[%clk 00:18:05]} {[%emt 00:06:36]} 46. Kg2 {[%clk 00:27:31]} {[%emt 00:03:01]}
Qa3 {[%clk 00:14:43]} {[%emt 00:03:53]} 47. Red1 {[%clk 00:27:15]} {[%emt
00:00:46]} Kf7 {[%clk 00:14:03]} {[%emt 00:01:09]} 48. Kg1 {[%clk 00:26:47]}
{[%emt 00:00:59]} Ke6 {[%clk 00:14:07]} {[%emt 00:00:26]} 49. Kg2 {[%clk
00:26:49]} {[%emt 00:00:28]} Qa6 {[%clk 00:12:11]} {[%emt 00:02:25]} 50. Rd5
{[%clk 00:25:49]} {[%emt 00:01:30]} Qb7 {[%clk 00:12:03]} {[%emt 00:00:39]} 51.
R1d3 {[%clk 00:23:57]} {[%emt 00:02:22]} Qb8 {[%clk 00:11:58]} {[%emt
00:00:35]} 52. Rb5 {[%clk 00:16:57]} {[%emt 00:07:29]} Rc5 {[%clk 00:11:37]}
{[%emt 00:00:52]} 53. Rb4 {[%clk 00:17:03]} {[%emt 00:00:23]} Ra5 {[%clk
00:10:50]} {[%emt 00:01:18]} 54. Rd1 {[%clk 00:15:47]} {[%emt 00:01:46]} Qc7
{[%clk 00:10:58]} {[%emt 00:00:22]} 55. Rd3 {[%clk 00:10:02]} {[%emt 00:06:14]}
Qc5 {[%clk 00:10:46]} {[%emt 00:00:41]} 56. Rb5 {[%clk 00:09:37]} {[%emt
00:00:56]} Rxb5 {[%clk 00:10:51]} {[%emt 00:00:25]} 57. cxb5 {[%clk 00:10:00]}
{[%emt 00:00:07]} Qxb5 {[%clk 00:11:14]} {[%emt 00:00:08]} 0-1

[Event "Deutsche Ländermeisterschaft 2023"]
[Site "Hannover GER"]
[Date "2023.10.03"]
[Round "4"]
[White "Wolf, Helena"]
[Black "Kovalskyy, Alicia"]
[Result "1-0"]
[Termination "normal"]
[Board "1.8"]
[WhiteElo "1155"]
[BlackElo "1527"]
[WhiteClock "00:56:16"]
[BlackClock "01:15:10"]
[WhiteTeam "Hessen"]
[BlackTeam "Nordrhein-Westfalen"]
[PlyCount "34"]
[WhiteFideId "34671030"]
[BlackFideId "34612130"]
[EventCountry "GER"]
[EventRounds "7"]
[EventType "team-swiss"]
[EventDate "2023.09.30"]

1. e4 {[%clk 01:30:59]} {[%emt 18:19:56]} e5 {[%clk 01:30:55]} {[%emt
00:00:06]} 2. Nf3 {[%clk 01:31:24]} {[%emt 00:00:04]} Nc6 {[%clk 01:31:15]}
{[%emt 00:00:10]} 3. Bc4 {[%clk 01:31:44]} {[%emt 00:00:09]} Bc5 {[%clk
01:31:39]} {[%emt 00:00:07]} 4. c3 {[%clk 01:32:05]} {[%emt 00:00:09]} Nf6
{[%clk 01:32:04]} {[%emt 00:00:05]} 5. d4 {[%clk 01:32:25]} {[%emt 00:00:10]}
exd4 {[%clk 01:32:29]} {[%emt 00:00:04]} 6. O-O {[%clk 01:32:44]} {[%emt
00:00:11]} dxc3 {[%clk 01:28:06]} {[%emt 00:04:53]} 7. e5 {[%clk 01:30:48]}
{[%emt 00:02:26]} d5 {[%clk 01:23:34]} {[%emt 00:05:02]} 8. exf6 {[%clk
01:31:10]} {[%emt 00:00:08]} dxc4 {[%clk 01:23:49]} {[%emt 00:00:14]} 9. fxg7
{[%clk 01:31:21]} {[%emt 00:00:19]} Qxd1 {[%clk 01:23:22]} {[%emt 00:00:58]}
10. gxh8=Q+ {[%clk 01:31:36]} {[%emt 00:00:15]} Bf8 {[%clk 01:22:57]} {[%emt
00:00:55]} 11. Rxd1 {[%clk 01:31:53]} {[%emt 00:00:13]} c2 {[%clk 01:23:11]}
{[%emt 00:00:15]} 12. Re1+ {[%clk 01:31:55]} {[%emt 00:00:29]} Be6 {[%clk
01:23:35]} {[%emt 00:00:06]} 13. Nc3 {[%clk 01:31:41]} {[%emt 00:00:43]} O-O-O
{[%clk 01:23:14]} {[%emt 00:00:51]} 14. a3 {[%clk 01:19:55]} {[%emt 00:12:17]}
Bf5 {[%clk 01:18:22]} {[%emt 00:05:21]} 15. Qf6 {[%clk 00:59:09]} {[%emt
00:21:14]} Bg6 {[%clk 01:18:23]} {[%emt 00:00:32]} 16. Bd2 {[%clk 00:56:53]}
{[%emt 00:02:45]} Bh5 {[%clk 01:15:10]} {[%emt 00:03:43]} 17. Qf5+ {[%clk
00:56:16]} {[%emt 00:01:06]} Nb8 {[%emt 00:00:30]} 1-0

[Event "Deutsche Ländermeisterschaft 2023"]
[Site "Hannover GER"]
[Date "2023.10.03"]
[Round "4"]
[White "Hinrichs, Paul"]
[Black "Pubantz, Jan"]
[Result "1/2-1/2"]
[Termination "normal"]
[Board "2.1"]
[WhiteElo "2231"]
[BlackElo "2299"]
[WhiteClock "00:42:21"]
[BlackClock "00:23:32"]
[WhiteTeam "Rheinland-Pfalz"]
[BlackTeam "Niedersachsen"]
[PlyCount "83"]
[WhiteFideId "12942545"]
[BlackFideId "12996114"]
[EventCountry "GER"]
[EventRounds "7"]
[EventType "team-swiss"]
[EventDate "2023.09.30"]

1. d4 {[%clk 01:30:56]} {[%emt 00:00:03]} d5 {[%clk 01:30:55]} {[%emt
00:00:05]} 2. Nf3 {[%clk 01:31:14]} {[%emt 00:00:13]} Nf6 {[%clk 01:31:20]}
{[%emt 00:00:06]} 3. c4 {[%clk 01:31:39]} {[%emt 00:00:05]} c6 {[%clk
01:31:41]} {[%emt 00:00:09]} 4. Nc3 {[%clk 01:32:02]} {[%emt 00:00:05]} e6
{[%clk 01:31:58]} {[%emt 00:00:14]} 5. e3 {[%clk 01:32:28]} {[%emt 00:00:04]}
Nbd7 {[%clk 01:32:11]} {[%emt 00:00:17]} 6. Qc2 {[%clk 01:32:49]} {[%emt
00:00:08]} b6 {[%clk 01:32:20]} {[%emt 00:00:22]} 7. Bd3 {[%clk 01:32:27]}
{[%emt 00:00:51]} Bb7 {[%clk 01:31:44]} {[%emt 00:01:06]} 8. O-O {[%clk
01:31:19]} {[%emt 00:01:38]} dxc4 {[%clk 01:30:41]} {[%emt 00:01:34]} 9. Bxc4
{[%clk 01:31:42]} {[%emt 00:00:07]} a6 {[%clk 01:30:58]} {[%emt 00:00:13]} 10.
a3 {[%clk 01:17:32]} {[%emt 00:14:40]} b5 {[%clk 01:21:08]} {[%emt 00:10:20]}
11. Ba2 {[%clk 01:11:58]} {[%emt 00:06:04]} c5 {[%clk 01:20:17]} {[%emt
00:01:21]} 12. Qe2 {[%clk 01:11:01]} {[%emt 00:01:27]} Rc8 {[%clk 01:10:55]}
{[%emt 00:09:52]} 13. e4 {[%clk 01:04:15]} {[%emt 00:07:16]} cxd4 {[%clk
01:02:18]} {[%emt 00:09:07]} 14. Nxd4 {[%clk 01:04:16]} {[%emt 00:00:29]} Bc5
{[%clk 00:55:34]} {[%emt 00:07:15]} 15. Rd1 {[%clk 01:03:43]} {[%emt 00:01:02]}
Qc7 {[%clk 00:54:24]} {[%emt 00:01:40]} 16. Be3 {[%clk 00:55:38]} {[%emt
00:08:35]} Qe5 {[%clk 00:32:02]} {[%emt 00:22:51]} 17. f3 {[%clk 00:49:34]}
{[%emt 00:06:34]} O-O {[%clk 00:27:39]} {[%emt 00:04:53]} 18. Rac1 {[%clk
00:45:06]} {[%emt 00:04:58]} Rfd8 {[%clk 00:27:12]} {[%emt 00:00:57]} 19. Qf2
{[%clk 00:43:09]} {[%emt 00:02:27]} Kh8 {[%clk 00:23:54]} {[%emt 00:03:48]} 20.
h3 {[%clk 00:40:39]} {[%emt 00:03:00]} Qb8 {[%clk 00:23:27]} {[%emt 00:00:57]}
21. a4 {[%clk 00:37:29]} {[%emt 00:03:40]} bxa4 {[%clk 00:20:51]} {[%emt
00:03:06]} 22. Nxa4 {[%clk 00:36:56]} {[%emt 00:01:02]} Bd6 {[%clk 00:20:58]}
{[%emt 00:00:23]} 23. Rxc8 {[%clk 00:36:56]} {[%emt 00:00:30]} Rxc8 {[%clk
00:20:00]} {[%emt 00:01:28]} 24. Nc3 {[%clk 00:35:17]} {[%emt 00:02:08]} Bh2+
{[%clk 00:17:03]} {[%emt 00:03:28]} 25. Kh1 {[%clk 00:35:27]} {[%emt 00:00:20]}
Bf4 {[%clk 00:16:57]} {[%emt 00:00:36]} 26. Nde2 {[%clk 00:34:50]} {[%emt
00:01:07]} Bxe3 {[%clk 00:16:10]} {[%emt 00:01:18]} 27. Qxe3 {[%clk 00:35:18]}
{[%emt 00:00:02]} Bc6 {[%clk 00:15:57]} {[%emt 00:00:43]} 28. Rd2 {[%clk
00:34:41]} {[%emt 00:01:06]} Bb5 {[%clk 00:09:43]} {[%emt 00:06:44]} 29. Nd4
{[%clk 00:30:46]} {[%emt 00:04:25]} Bc4 {[%clk 00:05:56]} {[%emt 00:04:17]} 30.
Bb1 {[%clk 00:30:10]} {[%emt 00:01:05]} Qb6 {[%clk 00:04:19]} {[%emt 00:02:08]}
31. Kg1 {[%clk 00:30:08]} {[%emt 00:00:31]} Qc5 {[%clk 00:03:12]} {[%emt
00:01:37]} 32. Nc2 {[%clk 00:27:59]} {[%emt 00:02:39]} Qc7 {[%clk 00:02:39]}
{[%emt 00:01:03]} 33. Na3 {[%clk 00:27:51]} {[%emt 00:00:39]} Bb3 {[%clk
00:02:19]} {[%emt 00:00:51]} 34. Bd3 {[%clk 00:28:08]} {[%emt 00:00:12]} Nc5
{[%clk 00:02:16]} {[%emt 00:00:34]} 35. Bf1 {[%clk 00:28:10]} {[%emt 00:00:27]}
Rb8 {[%clk 00:02:02]} {[%emt 00:00:44]} 36. Qd4 {[%clk 00:27:00]} {[%emt
00:01:40]} h6 {[%clk 00:01:50]} {[%emt 00:00:43]} 37. Qd6 {[%clk 00:25:53]}
{[%emt 00:01:36]} Qa7 {[%clk 00:01:37]} {[%emt 00:00:44]} 38. Kh2 {[%clk
00:26:07]} {[%emt 00:00:16]} Rc8 {[%clk 00:01:00]} {[%emt 00:01:07]} 39. Qe5
{[%clk 00:23:55]} {[%emt 00:02:41]} Kg8 {[%clk 00:01:01]} {[%emt 00:00:30]} 40.
Qd4 {[%clk 00:15:43]} {[%emt 00:08:43]} Qb7 {[%clk 00:00:39]} {[%emt 00:00:52]}
41. Kg1 {[%clk 00:13:38]} {[%emt 00:02:35]} Qc7 {[%clk 00:23:32]} {[%emt
00:07:37]} 42. Qd6 {[%clk 00:42:21]} {[%emt 00:01:47]} 1/2-1/2

[Event "Deutsche Ländermeisterschaft 2023"]
[Site "Hannover GER"]
[Date "2023.10.03"]
[Round "4"]
[White "Knüdel, Torben"]
[Black "Sidletskyi, Ivan"]
[Result "1/2-1/2"]
[Termination "normal"]
[Board "2.2"]
[BlackTitle "FM"]
[WhiteElo "2275"]
[BlackElo "2354"]
[WhiteClock "00:16:07"]
[BlackClock "00:33:54"]
[WhiteTeam "Niedersachsen"]
[BlackTeam "Rheinland-Pfalz"]
[PlyCount "119"]
[WhiteFideId "16208820"]
[BlackFideId "14156024"]
[EventCountry "GER"]
[EventRounds "7"]
[EventType "team-swiss"]
[EventDate "2023.09.30"]

1. e4 {[%clk 01:30:57]} {[%emt 00:00:03]} e6 {[%clk 01:30:27]} {[%emt
00:00:34]} 2. d4 {[%clk 01:31:20]} {[%emt 00:00:06]} d5 {[%clk 01:30:51]}
{[%emt 00:00:06]} 3. Nc3 {[%clk 01:31:46]} {[%emt 00:00:04]} Bb4 {[%clk
01:30:45]} {[%emt 00:00:36]} 4. Nge2 {[%clk 01:32:09]} {[%emt 00:00:07]} dxe4
{[%clk 01:31:04]} {[%emt 00:00:11]} 5. a3 {[%clk 01:32:34]} {[%emt 00:00:06]}
Bxc3+ {[%clk 01:31:27]} {[%emt 00:00:07]} 6. Nxc3 {[%clk 01:32:58]} {[%emt
00:00:05]} Nc6 {[%clk 01:31:38]} {[%emt 00:00:19]} 7. Bf4 {[%clk 01:32:07]}
{[%emt 00:01:21]} Nf6 {[%clk 01:29:22]} {[%emt 00:02:47]} 8. Bb5 {[%clk
01:30:46]} {[%emt 00:01:50]} Nd5 {[%clk 01:29:45]} {[%emt 00:00:08]} 9. Bxc6+
{[%clk 01:29:01]} {[%emt 00:02:15]} bxc6 {[%clk 01:30:06]} {[%emt 00:00:09]}
10. Qd2 {[%clk 01:28:03]} {[%emt 00:01:28]} Nxf4 {[%clk 01:30:24]} {[%emt
00:00:12]} 11. Qxf4 {[%clk 01:28:04]} {[%emt 00:00:29]} Qxd4 {[%clk 01:30:53]}
{[%emt 00:00:02]} 12. O-O {[%clk 01:25:45]} {[%emt 00:02:48]} O-O {[%clk
01:27:02]} {[%emt 00:04:21]} 13. Rfd1 {[%clk 01:19:03]} {[%emt 00:07:12]} Qb6
{[%clk 01:22:54]} {[%emt 00:04:38]} 14. b4 {[%clk 01:14:12]} {[%emt 00:05:21]}
a5 {[%clk 01:18:24]} {[%emt 00:05:00]} 15. Nxe4 {[%clk 01:08:10]} {[%emt
00:06:32]} axb4 {[%clk 01:13:43]} {[%emt 00:05:11]} 16. axb4 {[%clk 00:42:42]}
{[%emt 00:25:58]} Rxa1 {[%clk 01:13:08]} {[%emt 00:01:05]} 17. Rxa1 {[%clk
00:37:44]} {[%emt 00:05:28]} e5 {[%clk 01:09:18]} {[%emt 00:04:21]} 18. Qxe5
{[%clk 00:37:06]} {[%emt 00:01:08]} Qxb4 {[%clk 01:09:27]} {[%emt 00:00:21]}
19. c3 {[%clk 00:32:12]} {[%emt 00:05:24]} Qc4 {[%clk 01:05:27]} {[%emt
00:04:30]} 20. Re1 {[%clk 00:29:59]} {[%emt 00:02:42]} Be6 {[%clk 00:57:10]}
{[%emt 00:08:47]} 21. Qxc7 {[%clk 00:22:09]} {[%emt 00:08:19]} Bd5 {[%clk
00:55:01]} {[%emt 00:02:40]} 22. Qe5 {[%clk 00:22:05]} {[%emt 00:00:34]} f6
{[%clk 00:47:36]} {[%emt 00:07:55]} 23. Qe7 {[%clk 00:21:18]} {[%emt 00:01:17]}
Bxe4 {[%clk 00:45:53]} {[%emt 00:02:13]} 24. Rxe4 {[%clk 00:21:19]} {[%emt
00:00:28]} Qxc3 {[%clk 00:45:06]} {[%emt 00:01:17]} 25. Qe6+ {[%clk 00:21:05]}
{[%emt 00:00:44]} Kh8 {[%clk 00:44:55]} {[%emt 00:00:42]} 26. h4 {[%clk
00:19:19]} {[%emt 00:02:16]} h6 {[%clk 00:44:40]} {[%emt 00:00:45]} 27. Rc4
{[%clk 00:18:10]} {[%emt 00:01:38]} Qa1+ {[%clk 00:44:54]} {[%emt 00:00:16]}
28. Kh2 {[%clk 00:18:35]} {[%emt 00:00:04]} Qe5+ {[%clk 00:45:14]} {[%emt
00:00:11]} 29. Qxe5 {[%clk 00:18:55]} {[%emt 00:00:10]} fxe5 {[%clk 00:45:34]}
{[%emt 00:00:10]} 30. Rxc6 {[%clk 00:16:18]} {[%emt 00:03:07]} Rxf2 {[%clk
00:45:57]} {[%emt 00:00:07]} 31. Re6 {[%clk 00:15:59]} {[%emt 00:00:49]} Re2
{[%clk 00:44:38]} {[%emt 00:01:50]} 32. Kg3 {[%clk 00:14:12]} {[%emt 00:02:17]}
Kg8 {[%clk 00:45:08]} 33. Kf3 {[%clk 00:11:59]} {[%emt 00:02:43]} Kf7 {[%clk
00:45:20]} {[%emt 00:00:18]} 34. Ra6 {[%clk 00:09:42]} {[%emt 00:02:46]} Rd2
{[%clk 00:39:19]} {[%emt 00:06:31]} 35. Ra7+ {[%clk 00:06:42]} {[%emt
00:03:31]} Kg6 {[%clk 00:37:47]} {[%emt 00:02:02]} 36. Ra6+ {[%clk 00:05:51]}
{[%emt 00:01:21]} Kh5 {[%clk 00:35:51]} {[%emt 00:02:25]} 37. Ra5 {[%clk
00:05:36]} {[%emt 00:00:45]} Kxh4 {[%clk 00:34:36]} {[%emt 00:01:45]} 38. Rxe5
{[%clk 00:05:56]} {[%emt 00:00:10]} Rd3+ {[%clk 00:32:11]} {[%emt 00:02:56]}
39. Kf2 {[%clk 00:05:55]} {[%emt 00:00:30]} g5 {[%clk 00:30:54]} {[%emt
00:01:47]} 40. Re6 {[%clk 00:04:35]} {[%emt 00:01:51]} h5 {[%clk 00:27:53]}
{[%emt 00:03:31]} 41. Ra6 {[%clk 00:29:45]} {[%emt 00:05:20]} Rd4 {[%clk
00:55:40]} {[%emt 00:02:43]} 42. Ra5 {[%clk 00:29:48]} {[%emt 00:00:27]} Kg4
{[%clk 00:55:31]} {[%emt 00:00:39]} 43. Kg1 {[%clk 00:29:26]} {[%emt 00:00:52]}
Kf4 {[%clk 00:53:24]} {[%emt 00:02:37]} 44. Kh2 {[%clk 00:28:34]} {[%emt
00:01:22]} h4 {[%clk 00:52:14]} {[%emt 00:01:40]} 45. Ra8 {[%clk 00:28:15]}
{[%emt 00:00:49]} Re4 {[%clk 00:47:18]} {[%emt 00:05:26]} 46. Rf8+ {[%clk
00:28:11]} {[%emt 00:00:33]} Kg4 {[%clk 00:45:10]} {[%emt 00:02:38]} 47. Ra8
{[%clk 00:28:28]} {[%emt 00:00:13]} Re2 {[%clk 00:37:11]} {[%emt 00:08:30]} 48.
Ra4+ {[%clk 00:28:12]} {[%emt 00:00:44]} Kf5 {[%clk 00:37:37]} {[%emt
00:00:04]} 49. Ra5+ {[%clk 00:27:41]} {[%emt 00:01:02]} Kf4 {[%clk 00:38:03]}
{[%emt 00:00:04]} 50. Ra4+ {[%clk 00:27:47]} {[%emt 00:00:24]} Re4 {[%clk
00:37:54]} {[%emt 00:00:38]} 51. Ra8 {[%clk 00:28:05]} {[%emt 00:00:12]} Ke3
{[%clk 00:37:33]} {[%emt 00:00:52]} 52. Ra5 {[%clk 00:21:39]} {[%emt 00:06:55]}
g4 {[%clk 00:37:39]} {[%emt 00:00:25]} 53. Rh5 {[%clk 00:20:12]} {[%emt
00:01:56]} g3+ {[%clk 00:34:34]} {[%emt 00:03:37]} 54. Kh3 {[%clk 00:20:06]}
{[%emt 00:00:35]} Kf2 {[%clk 00:34:35]} {[%emt 00:00:29]} 55. Ra5 {[%clk
00:19:44]} {[%emt 00:00:52]} Re1 {[%clk 00:33:15]} {[%emt 00:01:50]} 56. Ra2+
{[%clk 00:19:06]} {[%emt 00:01:08]} Kg1 {[%clk 00:33:41]} {[%emt 00:00:04]} 57.
Ra3 {[%clk 00:17:39]} {[%emt 00:01:58]} Kh1 {[%clk 00:33:04]} {[%emt 00:01:06]}
58. Kxh4 {[%clk 00:15:44]} {[%emt 00:02:25]} Kh2 {[%clk 00:33:29]} {[%emt
00:00:05]} 59. Rxg3 {[%clk 00:16:07]} {[%emt 00:00:07]} Re4+ {[%clk 00:33:54]}
{[%emt 00:00:05]} 60. Rg4 {[%emt 00:00:09]} 1/2-1/2